00578nam a2200205Ia 4500008004000000041000800040082001200048100002000060245003100080260002600111650000800137650001000145650000700155650001100162650001100173690002200184906001100206999001900217952013600236210210b1958 xxu||||| |||| 00| 0 eng d aeng a320/348 aLOBO (Albert S) aGrowth of the modern state abNot Mentionedc1958 athe astate aof amodern aGrowth aPolitical Science a002095 c118323d118323 001040708Political ScienceaALbALcPolitical Scienced2021-02-17g0.00l0o320/348p002095r2021-02-17 00:00:00w2021-02-17yBK